000 01351nam a22002777a 4500
005 20091214111428.0
008 091214t xxu||||| |||| 00| 0 eng d
010 _aB-380595-597
020 _a9780007244522
_c75.00
035 _aB-380595-597
037 _bUBH
040 _adpl
_bEnglish
082 _aS
100 _aWhybrow, Ian
245 _aGood fun farm /
_cby Ian Whybrow; illustrated by Jonathan Allen
260 _aLondon
_bCollins
_c2007
270 _a77-85, Fulham Palace Road, Hammersmith
_bLondon
300 _a32p.:
_bcol. ill.
_c21cm(pbk)
490 _aCollins big cat read at home ;edited by Cliff Moon
_vlevel 4 book c- love reading
700 _aJonathan Allen
942 _2ddc
_cCH
_mWHY
_hS
999 _c32719
_d32719